De la actualidad a la escuela (Registro nro. 6137)

Detalles MARC
000 -LEADER
fixed length control field 01559 a2200229 4500
001 - CONTROL NUMBER
control field 57145
005 - DATE AND TIME OF LATEST TRANSACTION
control field 20260407155834.0
008 - FIXED-LENGTH DATA ELEMENTS--GENERAL INFORMATION
fixed length control field 260407a1995 arg spa d
003 - CONTROL NUMBER IDENTIFIER
control field AR-UNSa-BCEJYS
040 ## - CATALOGING SOURCE
Original cataloging agency AR-UNSa-BCEJYS
Language of cataloging spa
Transcribing agency AR-UNSa-BCEJYS
080 ## - UNIVERSAL DECIMAL CLASSIFICATION NUMBER
Universal Decimal Classification number 37
Common auxiliary subdivision Educación. Enseñanza. Formación
020 ## - INTERNATIONAL STANDARD BOOK NUMBER
International Standard Book Number 950-701-307-5
041 ## - LANGUAGE CODE
Language code of text/sound track or separate title spa
100 1# - MAIN ENTRY--PERSONAL NAME
Personal name Morduchowicz, Roxana
245 10 - TITLE STATEMENT
Title De la actualidad a la escuela
Name of part/section of a work la formación social y democrática
264 #1 - PRODUCTION, PUBLICATION, DISTRIBUTION, MANUFACTURE, AND COPYRIGHT NOTICE
Place of production, publication, distribution, manufacture Buenos Aires :
Name of producer, publisher, distributor, manufacturer Aique Grupo Editor
Date of production, publication, distribution, manufacture, or copyright notice 1995
300 ## - PHYSICAL DESCRIPTION
Extent 84 p.
Dimensions 22 cm.
505 ## - FORMATTED CONTENTS NOTE
Formatted contents note 1. La socialización política: un aprendizaje democrático – 2. El primer valor de la justicia – 3. ¿Quién es democrático? – 4. El conocimiento político – 5. La participación – 6.Las fuentes de información – 6.Las fuentes de información: un acceso desigual – 7.Una formación interdisciplinaria – 8.Trabajar por proyectos – 9. Los contenidos transversales – 10. ¿Qué enseñamos? – 11.La actualidad: un disparador una clase – 12.Estrategias del aula – 13. Una acción una comunidad – 14. Todos los contenidos, en todas las áreas, incluyen valores – 15.Al final, la evaluación – 16.El currículo oculto – 17.Que la formación política sea un elemento para evaluar la calidad educativa – 18. ¿Qué pasa con la cultura social de los chicos? – 19.Los riesgos, las garantías.
590 ## - LOCAL NOTE (RLIN)
Local note niveau_biblio:m niveau_hierar:0
856 41 - ELECTRONIC LOCATION AND ACCESS
Uniform Resource Identifier <a href="https://biblioeco.unsa.edu.ar/pmb/images/libros/L128714.jpg">https://biblioeco.unsa.edu.ar/pmb/images/libros/L128714.jpg</a>
Link text Imagen de portada
Electronic format type image/jpeg
942 ## - ADDED ENTRY ELEMENTS (KOHA)
Koha item type
Existencias
Withdrawn status Lost status Damaged status Not for loan Home library Current library Shelving location Date acquired Total checkouts Full call number Barcode Date last seen Price effective from Koha item type
        Biblioteca Prof. Eusebio Cleto del Rey Biblioteca Prof. Eusebio Cleto del Rey   07/04/2026   37 M834 L128714 07/04/2026 07/04/2026 Libro